Elaboración de una herramienta didáctica para la enseñanza de las normas de seguridad ocupacional en el campo de la construcción
Shranjeno v:
| Glavni avtor: | |
|---|---|
| Drugi avtorji: | |
| Format: | Knjiga |
| Izdano: |
San José, Costa Rica
2001
|
| Teme: | |
| Oznake: |
Označite
Brez oznak, prvi označite!
|
MARC
| LEADER | 00000nam a2200000Ia 4500 | ||
|---|---|---|---|
| 003 | 008654 | ||
| 005 | 20240809074303.0 | ||
| 008 | 140114s2001 cr a m 000 ||s d | ||
| 040 | |c cru CEDI | ||
| 090 | |a TFG 4262 | ||
| 100 | |a Mata Quesada, Cristian Arturo, 1975- |9 3504 | ||
| 245 | |a Elaboración de una herramienta didáctica para la enseñanza de las normas de seguridad ocupacional en el campo de la construcción | ||
| 260 | |a San José, Costa Rica |c 2001 | ||
| 300 | |a 270 hojas : ilustraciones color, 6 fotografías color | ||
| 500 | |a Trabajo de graduación (licenciatura en ingeniería civil)--Universidad de Costa Rica. Facultad de Ingeniería. Escuela de Ingeniería Civil | ||
| 501 | |a Director de Trabajo de Graduación: Ing. Ana Lorena Arias Zúñiga | ||
| 650 | |x SEGURIDAD OCUPACIONAL |x NORMAS |x ENSEÑANZA TECNICA |x INDUSTRIA DE LA CONSTRUCCION |x - MEDIDAS DE SEGURIDAD |x TRABAJADORES DE LA CONSTRUCCION |9 7914 | ||
| 700 | |a Arias Zúñiga, Ana Lorena, 1968- |d Directora del TFG |9 1000 | ||
| 942 | |c TFG |h TFG 4262 |i 008654 |6 TFG_4262_008654000000000 | ||
| 999 | |c 18174 |d 18174 | ||
